dans quel Disney est ce chat ? - Statistiques

Statistiques générales
  • Ce quiz a été pris 189 fois
  • Le résultat moyen est 7 sur 14
Statistiques - réponses
Par images Réponse % Correct
Les aristochats
98%
Cendrillon
92%
Alice au pays des merveilles
89%
La belle et le clochard
84%
Pinocchio
76%
Oliver et compagnie
61%
Volt
58%
Les 101 dalmatiens
51%
Bernard et Bianca
40%
La princesse et la grenouille
31%
Basil détective privé
19%
Hercule
13%
Kuzko
11%
Taram et le chaudron magique
9%
Aucun quiz correspondant
Distribution des résultats
% des personnes avec chaque résultat
Percentile par nombre de réponses
Votre historique - résultats
Vous n’avez pas pris ce quiz